| 000 | 00563nam a2200193 i 4500 | ||
|---|---|---|---|
| 001 | 73446 | ||
| 003 | ES-MaACL | ||
| 005 | 20231218150756.0 | ||
| 007 | t| | ||
| 008 | 041013s2003 sp ||||1| spa d | ||
| 020 | _a84-607-8086-4 | ||
| 080 | _a821.134.2-94"19" | ||
| 100 | 1 |
_aSiles Artés, José, _d1930- _9106341 |
|
| 245 | 1 | 0 |
_aDiario de un veraneante insomne / _cJosé Siles Artés. |
| 260 |
_aMadrid : _bJosé Siles Artés, _c[2003] |
||
| 300 |
_a78 p. : _bil. ; _c21 cm. |
||
| 852 |
_aES-MaACL _j2183-F-13 _bR.133330 |
||
| 999 |
_c73446 _d73446 |
||